[Event "EICC 2017"]
[Site "Minsk"]
[Date "2017.06.07"]
[Round "8"]
[White "Predke, Alexandr"]
[Black "Safarli, Eltaj"]
[Result "1/2-1/2"]
[WhiteElo "2566"]
[BlackElo "2668"]
[Annotator "TA"]
[PlyCount "140"]
[EventDate "2017.??.??"]
[EventCountry "BLR"]
[SourceTitle "playchess.com"]
[Source "ChessBase"]
[SourceQuality "1"]

{[%evp 14,140,55,64,59,55,83,58,64,62,60,62,64,59,63,57,60,59,66,62,67,56,56,56,56,56,53,61,58,52,65,48,64,36,39,32,26,31,36,38,52,50,51,46,63,52,47,32,34,34,34,34,34,28,30,28,28,11,11,23,38,36,46,47,47,41,45,26,63,43,56,56,56,32,36,51,34,39,57,54,60,1,8,0,0,0,0,0,8,0,0,0,0,0,0,0,0,0,0,0,0,0,0,7,871,871,871,871,857,616,468,8,8,8,8,8,8,0,0,0,0,0,0,0,0,8,8,8,8]} 1. e4 e5 2. Nf3 Nc6 3. Bb5 a6 4. Ba4 d6 5. O-O Bd7 6. d4 exd4 {C72: Ruy Lopez: Deferred Steinitz: 5 0-0} (6... Nxd4 7. Bxd7+ Qxd7 8. Nxd4 exd4 9. Qxd4 Nf6 10. Nc3 Be7 11. Bg5 h6 12. Bh4 Qg4 13. Bg3 O-O 14. Rad1 Rfe8 15. Rfe1 Rad8 16. a4 Qc8 17. h3 c6 18. Bh4 {½-½ (42) Wang,H (2678)-Demchenko,A (2632) Subic Bay 2016}) 7. Bxc6 bxc6 8. Qxd4 {LiveBook: 6 Games} c5 {White is slightly better.} 9. Qd3 Nf6 10. Re1 $146 ({Predecessor:} 10. c4 Be7 11. Nc3 O-O 12. h3 Bc6 13. Bf4 Re8 14. Rad1 Nh5 15. Bh2 Bg5 16. Nd5 Bxd5 17. Qxd5 {1-0 (39) Sugden,J (2149)-Lai,D Liverpool 2008}) 10... Be6 11. Nc3 Be7 12. e5 dxe5 13. Nxe5 Qxd3 14. Nxd3 {[%cal Be5d3,Bd3f4,Bf4e6][%mdl 32]} O-O 15. Nf4 Bd6 16. Nxe6 Rfe8 17. Bd2 (17. Bg5 $5 {[%cal Re6f4]} Rxe6 18. Bxf6 gxf6 19. Nd5 $14) 17... Rxe6 18. Rxe6 fxe6 19. Re1 Rd8 20. Re2 c4 21. g3 Kf7 22. Kg2 h6 23. Ne4 Be5 24. Bc3 Bxc3 25. Nxc3 $14 {[%mdl 4096] Endgame KRN-KRN} Rb8 26. Nd1 Rd8 27. Ne3 $1 c3 $1 {[%cal Rc3b2]} 28. b3 c5 29. Nc4 Rd1 30. Nb6 Rd2 31. Kf3 Ng4 $1 {[%cal Rg4h2]} 32. Rxd2 cxd2 {KN-KN} 33. Ke2 Nxf2 34. Kxd2 Ke7 35. Nc4 Ng4 36. h4 Nf6 37. Ke2 Ne4 38. Kf3 Nc3 39. a3 Nb5 40. Ke4 Nc3+ 41. Kd3 Nd5 42. Nd2 {And now Ne4 would win.} Kd6 43. Ne4+ Kc6 44. c4 Ne7 45. b4 cxb4 46. axb4 h5 47. Kc3 (47. Kd4 $14) 47... Nf5 48. Kb3 e5 49. Ka4 Kb6 50. Kb3 Kc6 51. Ka4 Kb6 52. c5+ Kc6 53. Ka5 Kd5 54. Ng5 ({Wrong is} 54. Kxa6 $2 Kxe4 55. b5 Kd5 $19) 54... e4 ({Reject} 54... Nxg3 $6 55. Kxa6 Nf5 56. b5 $16) 55. Kxa6 e3 56. Kb6 e2 57. Nf3 Kc4 (57... Nd4 $5 58. Ne1 $8 Kc4 $11) 58. c6 {[%cal Bc5c6,Bc6c7][%mdl 32] Black must now prevent c7.} Kxb4 $2 {[%mdl 8192]} (58... Nd4 $11 59. c7 Nxf3) 59. c7 $18 Ne7 {[#]} 60. Nd4 $1 Nd5+ {[#]} 61. Kc6 $1 {[%cal Rc6d5]} Nxc7 62. Kxc7 $2 (62. Nxe2 $18 Ne8 63. Nf4) 62... e1=N $11 {KN-KN. The position is equal.} 63. Ne6 g6 64. Kd6 {Ke5 is the strong threat.} Kc4 65. Ke5 {Threatens to win with Nf4.} Kd3 66. Kf4 {Strongly threatening Nf8.} Ke2 67. Nf8 Kf2 68. Nxg6 Ng2+ 69. Kg5 Kxg3 70. Kxh5 Nxh4 {Precision: White = 69%, Black = 74%.} 1/2-1/2

[Event "EICC 2017"]
[Site "Minsk"]
[Date "2017.06.07"]
[Round "8"]
[White "Zhigalko, Andrey"]
[Black "Balashov, Yuri S"]
[Result "1-0"]
[WhiteElo "2566"]
[BlackElo "2408"]
[Annotator "TA"]
[PlyCount "79"]
[EventDate "2017.??.??"]
[EventCountry "BLR"]
[SourceTitle "playchess.com"]
[Source "ChessBase"]
[SourceQuality "1"]

{[%evp 25,79,10,21,26,50,49,62,64,63,58,29,39,35,37,36,33,52,47,67,46,84,65,95,91,111,105,97,104,129,127,121,129,125,122,210,177,571,566,563,550,735,727,681,441,438,417,409,394,463,410,1925,1098,12839,12839,12834,12835]} 1. e4 e5 2. Nf3 Nc6 3. Bb5 a6 4. Ba4 Nf6 5. O-O Be7 6. Re1 b5 7. Bb3 O-O 8. c3 d6 9. h3 Bb7 10. d4 Re8 11. Nbd2 Bf8 12. a4 h6 13. d5 Ne7 14. Nh2 {C92: Closed Ruy Lopez: 9...Be6, Karpov and Flohr-Zaitsev Variations} c5 15. dxc6 Bxc6 (15... Nxc6 16. Ba2 Na5 17. Ng4 Nxg4 18. hxg4 d5 19. exd5 {½-½ (19) Salgado Lopez,I (2627)-Inarkiev,E (2706) Moscow 2015}) 16. Ng4 {White is slightly better.} Ng6 17. Nf1 Nf4 ({But not} 17... Nxe4 18. Qf3 $16) 18. axb5 axb5 19. Rxa8 Bxa8 20. Qf3 h5 $146 ({Predecessor:} 20... Nxg4 21. hxg4 Qf6 {0-1 (57) Hennigan,M (2355)-Oblitas Guerrero,C Santiago de Chile 1990}) 21. Nxf6+ Qxf6 22. Nh2 Bc6 23. h4 Be7 ({Avoid the trap} 23... Qxh4 $2 24. g3 $18) 24. g3 Qg6 25. Bxf4 exf4 26. Qxf4 Qf6 27. Qd2 Bd8 28. Bd5 Bxd5 29. Qxd5 Re5 (29... Bb6 $16 30. Re2 Qe5) 30. Qa8 g5 $2 (30... d5 {is tougher.} 31. Kg2 dxe4) 31. hxg5 $18 Rxg5 {[#]} 32. Nf3 $1 {[%mdl 512]} Rg4 (32... Qxf3 33. Qxd8+) 33. e5 dxe5 34. Rxe5 Kg7 35. Rxh5 b4 36. Kg2 bxc3 37. bxc3 Rc4 (37... Rg6 $142 38. c4 Rh6) 38. Qd5 {White is clearly winning.} Rxc3 39. Rg5+ Kf8 40. Rf5 {Precision: White = 73%, Black = 37%.} 1-0

[Event "EICC 2017"]
[Site "Minsk"]
[Date "2017.06.07"]
[Round "8"]
[White "Boruchovsky, Avital"]
[Black "Sargissian, Gabriel"]
[Result "1/2-1/2"]
[WhiteElo "2560"]
[BlackElo "2650"]
[Annotator "TA"]
[PlyCount "120"]
[EventDate "2017.??.??"]
[EventCountry "BLR"]
[SourceTitle "playchess.com"]
[Source "ChessBase"]
[SourceQuality "1"]

{[%evp 25,120,21,28,23,28,0,0,0,18,20,27,24,44,0,19,0,0,0,0,0,0,-23,0,0,0,0,33,-60,-17,-23,-18,-12,-12,-15,-14,-20,-21,-14,-22,-20,-18,-21,-8,-8,-8,-16,-10,-15,-8,-13,-11,-8,0,-11,0,0,0,0,0,0,0,0,0,0,0,0,0,0,0,0,0,0,0,0,0,0,0,0,0,0,0,0,0,0,0,0,0,0,0,0,0,0,0,0,0,0,0]} 1. e4 e5 2. Nf3 Nc6 3. Bb5 Nf6 4. O-O Nxe4 5. d4 Nd6 {[%cal Be4d6,Bd6f5,Bf5e7,Be7g6,Bg6f4][%mdl 32]} 6. Bxc6 dxc6 7. dxe5 Nf5 8. Qxd8+ Kxd8 9. Rd1+ Ke8 10. Nc3 Ne7 11. h3 h6 12. b3 Ng6 13. Bb2 {C67: Ruy Lopez: Berlin Defence: 4 0-0 Nxe4} Be7 {LiveBook: 4 Games} 14. Ne4 Nf4 {[#]} 15. Re1 $146 {White has an edge.} ({Predecessor:} 15. Nd4 Bd7 16. Ng3 c5 17. Nde2 Nxe2+ 18. Nxe2 Rd8 19. Nf4 Bf5 20. c4 Rxd1+ 21. Rxd1 {½-½ (37) Svetushkin,D (2597)-Kryvoruchko,Y (2676) Achaea 2012}) 15... Ne6 16. Rad1 c5 17. Nfd2 b6 18. Nc4 Ba6 19. g3 Rd8 20. f4 Rxd1 21. Rxd1 Bb7 22. Nf2 h5 {Hoping for ...h4.} 23. f5 Ng5 (23... Nd4 $5 24. Bxd4 cxd4 $11) 24. h4 Nf3+ 25. Kf1 Bc8 26. e6 (26. f6 $14 gxf6 27. exf6) 26... Nd4 27. exf7+ Kxf7 28. Ne5+ {The position is equal.} Kf6 $1 {[%cal Rf6e5]} 29. Nc6 Bxf5 30. Bxd4+ cxd4 31. Nxe7 Kxe7 32. Rxd4 $11 {[%mdl 4096] Endgame KRB-KRN} Rh6 33. Rd2 Rc6 34. c4 Rg6 35. Re2+ Kd7 36. Kg2 Rd6 37. Kf3 Kc6 38. Re5 Bb1 39. a3 Ba2 40. Re3 Rd2 41. Nd3 Bb1 42. Nf4 g6 43. Nd5 Rd4 44. Re1 Rd3+ 45. Re3 a5 46. Rxd3 Bxd3 {KB-KN} 47. Ke3 Bc2 {aiming for ...Kc5.} 48. b4 Kd6 49. Kd4 Bb1 50. c5+ bxc5+ 51. bxc5+ Kd7 52. Nc3 (52. g4 $5 hxg4 53. Nf6+ Kc6 54. Nxg4 $11) 52... Bf5 53. Kd5 Be6+ 54. Ke5 {[#] Threatens to win with c6+!} Bc4 55. Kd4 Bf7 56. Nb5 Kc6 57. Na7+ Kb7 58. Nb5 Bg8 59. Nc3 $1 Kc6 60. Ne2 Kb5 {Precision: White = 66%, Black = 69%.} 1/2-1/2

[Event "EICC 2017"]
[Site "Minsk"]
[Date "2017.06.07"]
[Round "8"]
[White "Kryakvin, Dmitry"]
[Black "Kravtsiv, Martyn"]
[Result "0-1"]
[WhiteElo "2560"]
[BlackElo "2653"]
[Annotator "TA"]
[PlyCount "136"]
[EventDate "2017.??.??"]
[EventCountry "BLR"]
[SourceTitle "playchess.com"]
[Source "ChessBase"]
[SourceQuality "1"]

{[%evp 15,136,10,0,0,18,21,21,14,41,8,18,-10,0,0,0,0,0,-42,-47,-83,-22,-29,-38,-31,-23,-62,-45,-85,-89,-159,-167,-218,-224,-214,-192,-192,-188,-187,-190,-193,-92,-107,-106,-147,-158,-219,-214,-223,-131,-123,-84,-186,-143,-265,-213,-286,-258,-555,-544,-540,-270,-272,-256,-380,-269,-245,-234,-452,-450,-444,-442,-425,-439,-525,-517,-504,-518,-505,-483,-542,-470,-679,-672,-570,-435,-782,-781,-1380,-1314,-1208,-1170,-832,-794,-703,-709,-1437,-1390,-1335,-1227,-1823,-1651,-12842,-12843,-12843,-1887,-1543,0,-5006,-1039,-12845,-2972,-12831,-7016,-2842,-2611,-2028,-2077,-12831,-7016,-12846,-12847,-12849,-12849]} 1. c4 Nf6 2. g3 e6 3. Bg2 d5 4. Nf3 dxc4 5. Qa4+ Nbd7 6. Qxc4 c5 7. O-O b6 8. Ng5 {A13: English Opening: 1...e6} (8. Nd4 Ne5 9. Nc6 Nxc4 10. Nxd8 Nd5 11. Nc3 Kxd8 12. Nxd5 Bb7 13. Nc3 Bxg2 14. Kxg2 Be7 15. Rd1 Bf6 16. d4 Ke7 17. dxc5 Bxc3 18. bxc3 bxc5 19. Kf3 {½-½ (19) Aronian,L (2785)-Cheparinov,I (2689) Doha 2016}) 8... Rb8 {LiveBook: 11 Games} 9. Nc3 h6 10. Nge4 {The position is equal.} Nxe4 11. Nxe4 Bb7 12. d3 Be7 $146 ({Predecessor:} 12... Bd5 13. Qc3 f5 14. Nd2 Qf6 15. Qc2 Bxg2 16. Kxg2 {½-½ (26) Kluge,T-Engelhard,C LSS email 2007}) 13. Qa4 a6 (13... b5 $5 14. Qb3 (14. Qxa7 f5 $11) 14... Bd5 $11) 14. Bf4 e5 $1 {[%cal Re5f4]} 15. Be3 ({Don't blunder} 15. Bxe5 $2 b5 $19) 15... O-O 16. f4 b5 $36 {[%mdl 2048] White is under pressure.} 17. Qb3 c4 (17... exf4 $17 18. Bxf4 (18. Rxf4 Bxe4 19. Rxe4 Nf6 $15) 18... Qb6) 18. dxc4 $11 Bxe4 19. Bxe4 Bc5 20. Bf2 exf4 21. Rad1 {Bxc5 is the strong threat.} Qe7 22. Bb1 (22. Bd5 $142) 22... Nf6 $17 {Strongly threatening ...Ng4.} 23. Qc2 (23. cxb5 $142 Rxb5 24. Qc3) 23... fxg3 $19 24. hxg3 bxc4 25. Qxc4 Bxf2+ 26. Rxf2 Rxb2 27. Rdf1 Rfb8 (27... Rb4 $19 {and Black stays clearly on top.} 28. Qc3 Rg4) 28. Bd3 $17 R2b6 29. Qf4 Rb4 30. Qf5 {[#]} (30. Bc4 $17 {keeps fighting.}) 30... Rg4 $1 $19 31. Rf3 Qd6 (31... Qc7 $19 32. Kg2 Re8 33. Bxa6 h5) 32. Kg2 $17 Ra4 33. Qh3 (33. Rc1 $17) 33... Rxa2 34. R1f2 (34. Rc1 $17) 34... Qd5 35. Kh2 Ra1 36. Qh4 $2 (36. Rf1 {was necessary.} Ra2 37. Rc1 Qxf3 38. Rc8+ Ne8 39. Rxb8 Qxd3 40. Rxe8+ Kh7 41. Qh5) 36... h5 $19 {Threatens to win with ...g5.} 37. Qf4 Re8 38. Kg2 a5 39. e4 (39. Qc7 $142) 39... Qe5 40. Qxe5 Rxe5 41. Rf5 $2 (41. Rc2 {was worth a try.}) 41... Ng4 42. Rxe5 Nxe5 {[%mdl 4096] Endgame KRB-KRN} 43. Ba6 g6 44. Rb2 Kg7 45. Rb5 Ra2+ 46. Kf1 f6 47. Bb7 Ra3 48. Kg2 (48. Kf2 $142) 48... g5 49. Bd5 h4 50. gxh4 (50. Rb3 $142 Ra2+ 51. Kf1 Ra1+ 52. Kg2) 50... gxh4 51. Be6 a4 52. Rb8 Rg3+ 53. Kf2 Nd3+ 54. Kf1 a3 55. Rg8+ Kh6 56. Ra8 Ne5 57. Rh8+ Kg5 58. Rg8+ Kf4 59. Rf8 Ke3 (59... h3 $142 60. Bxh3 Rxh3) 60. Ra8 Kf4 (60... Rf3+ $142 61. Kg2 Rg3+ 62. Kf1 Kf4) 61. Rf8 $1 Rf3+ (61... Kxe4 $142 62. Ra8 Nc6) 62. Kg2 {[#]} Kxe4 (62... h3+ $142 $1 63. Kg1 (63. Bxh3 Rg3+) 63... a2 64. Bxa2 Ng4 65. Rh8 Kg3 66. Rxh3+ Kxh3 67. Be6 Kg3 68. Bxg4 Kxg4 69. Kh2 Rf2+ 70. Kh1 Kg3 71. Kg1 Rf3 72. e5 fxe5 73. Kh1 Rf1#) 63. Rh8 Rg3+ 64. Kf1 Ke3 65. Ra8 Kf4 66. Rh8 {[#]} h3 $1 {[%cal Bh4h3,Bh3h2][%mdl 32]} 67. Rh4+ (67. Bxh3 Rb3) 67... Ke3 {( -> ...Nf3)} 68. Ra4 h2 {Precision: White = 30%, Black = 64%.} 0-1

[Event "EICC 2017"]
[Site "Minsk"]
[Date "2017.06.07"]
[Round "8"]
[White "Chigaev, Maksim"]
[Black "Tihonov, Jurij"]
[Result "1-0"]
[WhiteElo "2559"]
[BlackElo "2402"]
[Annotator "TA"]
[PlyCount "80"]
[EventDate "2017.??.??"]
[EventCountry "BLR"]
[SourceTitle "playchess.com"]
[Source "ChessBase"]
[SourceQuality "1"]

{[%evp 18,80,79,47,47,44,48,39,36,31,39,3,19,0,46,42,35,17,20,18,36,0,24,-8,12,6,24,34,45,44,43,39,56,26,28,18,25,25,26,18,36,24,25,18,18,0,425,443,439,430,416,410,410,384,386,373,481,466,368,112,260,259,660,600,757]} 1. e4 c5 2. Nf3 Nc6 3. Bb5 d6 4. O-O Bd7 5. c3 Nf6 6. Re1 a6 7. Bf1 Bg4 8. d4 e6 {B51: Sicilian: Moscow Variation (3 Bb5+) without 3...Bd7} (8... cxd4 9. cxd4 e5 10. d5 Nd4 11. Be3 Nxf3+ 12. gxf3 Bd7 13. Nd2 b5 14. a4 Be7 15. axb5 axb5 16. Rxa8 Qxa8 17. Nb3 {1-0 (26) Anand,V (2776)-Gharamian,T (2626) Bastia 2016}) 9. d5 Ne5 10. Be2 {LiveBook: 5 Games} Bxf3 {White is slightly better.} 11. Bxf3 exd5 12. exd5 Be7 13. Bf4 $146 ({Predecessor:} 13. Be2 O-O 14. c4 {½-½ (31) Bezemer,A (2315)-Lin,C (2516) Vlissingen 2016}) 13... Nfd7 14. Bg4 O-O 15. Bxd7 Nxd7 16. a4 Re8 17. a5 b5 18. axb6 Nxb6 19. Qf3 Bg5 {[%cal Re8e1]} 20. Rxe8+ Qxe8 {[%cal Re8e1]} 21. Nd2 Bxf4 22. Qxf4 Qe5 23. Qxe5 dxe5 $14 {[%mdl 4096] Endgame KRN-KRN} 24. c4 a5 25. Kf1 f5 26. Ke2 (26. Re1 $5 {[%cal Re1e5]}) 26... Kf7 27. Kd3 a4 28. Kc3 Ke7 29. f3 h5 30. h4 g6 31. b4 axb3 $2 {[%mdl 8192]} (31... cxb4+ $11 {and Black is okay.} 32. Kxb4 Rb8) 32. Rxa8 $18 Nxa8 33. Nxb3 $11 {KN-KN} Kd6 34. Na5 Kc7 35. Nc6 $1 Kd6 {[#]} 36. Nd8 $1 e4 37. fxe4 fxe4 38. Nf7+ $2 (38. Nb7+ $18 Ke5 39. Nxc5) 38... Ke7 {[#]} (38... Kc7 $16) 39. Ne5 $1 $18 Kf6 $2 (39... e3 40. Kd3 (40. Nxg6+ Kd6 $18) 40... Kf6 41. Nd7+ Ke7 42. Nxc5 Nb6) 40. Nd7+ Kf5 {Precision: White = 43%, Black = 54%.} 1-0

[Event "EICC 2017"]
[Site "Minsk"]
[Date "2017.06.07"]
[Round "8"]
[White "Sturua, Zurab"]
[Black "Galliamova, Alisa"]
[Result "1/2-1/2"]
[WhiteElo "2555"]
[BlackElo "2456"]
[Annotator "TA"]
[PlyCount "41"]
[EventDate "2017.??.??"]
[EventCountry "BLR"]
[SourceTitle "playchess.com"]
[Source "ChessBase"]
[SourceQuality "1"]

{[%evp 24,25,16,18]} 1. c4 c5 2. Nf3 Nf6 3. Nc3 e6 4. g3 b6 5. Bg2 Bb7 6. O-O Be7 7. Re1 d5 8. cxd5 Nxd5 9. d4 Nxc3 10. bxc3 O-O 11. e4 cxd4 12. cxd4 Nc6 13. Bb2 {[#]} {Predecessor:} Na5 $146 14. Qe2 Rc8 15. Ne5 Bb4 16. Red1 Qe7 17. Rac1 Rfd8 18. h4 h6 19. Qh5 Bd6 20. Ng4 Nc4 21. Ba1 {1-0 (52) Ju,W (2579)-Gunina,V (2525) Doha 2016} 1/2-1/2

[Event "EICC 2017"]
[Site "Minsk"]
[Date "2017.06.07"]
[Round "8"]
[White "Gelashvili, Tamaz"]
[Black "Sutovsky, Emil"]
[Result "1/2-1/2"]
[WhiteElo "2551"]
[BlackElo "2646"]
[Annotator "TA"]
[PlyCount "161"]
[EventDate "2017.??.??"]
[EventCountry "BLR"]
[SourceTitle "playchess.com"]
[Source "ChessBase"]
[SourceQuality "1"]

{[%evp 23,161,-11,-6,-14,0,0,0,-4,-9,-24,-22,-6,-4,-10,0,0,-4,-4,0,-11,0,-6,-3,-23,0,0,17,16,89,85,87,83,76,64,64,60,60,60,60,60,60,60,60,60,62,58,81,64,96,101,104,78,96,96,93,56,56,56,60,60,68,68,87,66,129,102,106,0,6,0,0,0,31,26,26,0,0,0,0,0,0,0,0,0,0,0,43,95,121,30,520,495,286,310,316,309,274,301,284,302,279,286,220,0,0,0,0,0,0,0,0,0,0,0,0,0,0,0,0,0,0,0,0,0,0,0,0,0,0,0,0,0,0,0,0,0,0,0,0,0]} 1. c4 Nf6 2. Nc3 d5 3. cxd5 Nxd5 4. d4 g6 5. Nf3 Bg7 6. e4 Nxc3 7. bxc3 c5 8. Bb5+ Nc6 9. O-O O-O 10. Be3 Bg4 {D85: Exchange Grünfeld: Unusual White 7th moves and lines with 7 Nf3} 11. dxc5 (11. d5 Ne5 12. Be2 Nxf3+ 13. Bxf3 Bxf3 14. Qxf3 Qa5 15. Rac1 Rac8 16. Rc2 b5 17. Bg5 Rfe8 18. Qe3 Qa4 19. Rfc1 f6 20. Bf4 {½-½ (39) Banusz,T (2616)-Li,C (2751) Graz 2016}) 11... Bxc3 12. Rc1 Bg7 {LiveBook: 3 Games} 13. h3 Qxd1 (13... Bxf3 $5 14. Qxf3 Nd4 15. Bxd4 Bxd4 $11) 14. Rfxd1 Be6 $146 ({Predecessor:} 14... Bxf3 15. gxf3 Rfd8 16. f4 Rac8 17. e5 e6 18. Rxd8+ Rxd8 19. Rb1 Bf8 20. Bf1 Nd4 21. Rxb7 Bxc5 22. Kg2 Bb6 23. a4 h5 24. Bb5 {½-½ (24) Parker,J (2570)-Maki,V (2384) Kallithea 2002}) 15. Ng5 Bxa2 {aiming for ...Bb2.} 16. Rd7 Na5 17. Rxe7 Rfd8 18. Nf3 Be6 19. Ng5 Bb3 20. Nf3 Be6 21. Rc7 Rdc8 22. Rxc8+ Rxc8 23. Ng5 (23. c6 $5) 23... Ba2 24. f4 $36 {[%mdl 2048] White has the initiative.} Nb3 (24... h6 $5 25. Nf3 $8 Be6 $11) 25. Rc4 a6 (25... h6 $11 26. Nf3 Bf8) 26. c6 $1 $16 {[%cal Rc6b7]} bxc6 27. Bxa6 Ra8 28. Rxc6 Nd4 29. Rd6 (29. Bb7 {looks sharper.} Rb8 30. Rc8+ Rxc8 31. Bxc8 h6 32. Nf3) 29... h6 30. Nf3 $1 Nxf3+ 31. gxf3 Be6 32. Kg2 Rb8 33. Kg3 Bf8 34. Rc6 Rd8 35. Bc4 Bxc4 36. Rxc4 $14 {[%mdl 4096] Endgame KRB-KRB} Bg7 37. Ra4 Rd3 38. Bc5 Bc3 39. e5 Be1+ 40. Kg2 Rd2+ 41. Kf1 Bg3 42. Be7 g5 $1 43. fxg5 h5 ({Black should play} 43... Bxe5 $14 44. gxh6 Kh7) 44. Bf6 Kh7 45. Re4 (45. Ra6 $1 $16 Rf2+ 46. Kg1 Rxf3 47. g6+ $1 {[%mdl 512]} fxg6 48. Kg2) 45... h4 46. e6 fxe6 $1 47. Bd4 Kg6 (47... e5 $5 48. Bxe5 Rf2+ 49. Ke1 Kg6 $11) 48. Rxe6+ Kf5 $1 {[%cal Rf5e6]} 49. Re4 Rd1+ $1 50. Ke2 Re1+ $1 51. Kd3 Rf1 52. Ke2 (52. g6 $5 Kxg6 53. Re6+ Kf7 54. Rf6+ Ke8 55. Ke4 $14) 52... Re1+ $1 53. Kd2 Rh1 54. Rg4 {And now g6 would win.} Kg6 55. Be3 Rxh3 {[#]} 56. Ra4 ({Only move:} 56. Rc4 $1 $16) 56... Rh1 $2 {[%mdl 8192]} (56... Be5 $11 {and Black has nothing to worry.}) 57. Ra6+ $18 Kf5 (57... Kg7 {was worth a try.} 58. Bd4+ Kg8) 58. g6 {White wants to mate with g7.} Be5 59. Ra5 Ke6 {[#]} 60. Kd3 $1 {[%cal Rd3e4]} h3 61. Ke4 Bc3 62. Ra6+ Ke7 63. f4 $2 (63. Ra7+ $18 Kf8 64. Rf7+ Kg8 65. Bh6 Re1+ 66. Kd3) 63... h2 $11 {The position is equal.} 64. Ra7+ Kd6 {White must now prevent ...Rb1.} 65. Rh7 {Threatens to win with f5.} (65. Ra2 {is interesting.} Rg1 66. Rxh2 Rxg6 67. Kf5 Rf6+ 68. Kg5) 65... Rg1 $1 66. Rxh2 (66. g7 {is more complex.} Rxg7 67. Rh6+ Kd7 68. Bf2 Re7+ 69. Kd5) 66... Rxg6 67. Rc2 Re6+ 68. Kf3 Bf6 69. f5 Re8 70. Bf4+ Ke7 71. Rc7+ Kf8 72. Rb7 Kg8 73. Bd6 Rd8 74. Bb8 Re8 75. Kg4 Re7 76. Rb6 Kf7 77. Bd6 Re4+ 78. Kf3 Rd4 79. Rb7+ Ke8 80. Bf4 Rd5 81. Ke4 {Precision: White = 57%, Black = 61%.} 1/2-1/2

[Event "EICC 2017"]
[Site "Minsk"]
[Date "2017.06.07"]
[Round "8"]
[White "Shomoev, Anton"]
[Black "Bakalchuk, Johnatan"]
[Result "1-0"]
[WhiteElo "2550"]
[BlackElo "2391"]
[Annotator "TA"]
[PlyCount "73"]
[EventDate "2017.??.??"]
[EventCountry "BLR"]
[SourceTitle "playchess.com"]
[Source "ChessBase"]
[SourceQuality "1"]

{[%evp 18,73,46,56,65,73,117,102,114,119,93,56,45,48,56,54,47,52,47,55,52,12,10,16,18,15,15,15,15,18,15,15,10,4,23,28,55,55,87,86,91,85,162,177,236,231,224,248,763,768,766,758,750,746,746,717,825,817]} 1. e4 c5 2. Nf3 g6 3. c3 Bg7 4. d4 cxd4 5. cxd4 d5 6. e5 Nh6 {[%cal Bg8h6,Bh6f5,Bf5h4][%mdl 32]} 7. h3 O-O 8. Nc3 Nc6 9. Bb5 f6 10. O-O {LiveBook: 18 Games} Nf5 {[%cal Rf6e5] B22: Sicilian: 2 c3} 11. Re1 fxe5 12. dxe5 e6 {White is better.} 13. Bxc6 $146 ({Predecessor:} 13. Bg5 Qc7 14. Rc1 Qf7 15. Bxc6 bxc6 16. Na4 h6 17. Bf6 Bxf6 18. exf6 Qxf6 19. Rxc6 {1-0 (32) Collins,S (2426)-Starostits,I (2486) San Sebastian 2011}) 13... bxc6 14. Na4 Nh4 {[#] Strongly threatening ...Nxf3+.} 15. Nd4 Qe7 16. Qg4 {And now Bg5 would win.} ({Don't play} 16. Nxc6 Qf7 $11) 16... Qb4 17. Nc2 Qxg4 18. hxg4 {Threatens to win with Bg5.} g5 19. Be3 Ng6 $1 {[%cal Rg6e5]} 20. Bd4 Rf4 21. f3 $1 {[#]} Nxe5 $1 {[%mdl 512]} 22. Bxe5 Rxa4 23. b3 Ra6 24. Nb4 Rb6 25. Nd3 Bf8 26. Bd4 Rb5 27. Rac1 $36 {[%mdl 2048] White fights for an advantage.} Bd7 28. Ne5 Bg7 29. Nxc6 Bxc6 (29... Bf8 $16) 30. Bxg7 $18 Bb7 (30... Be8 $142) 31. Rc7 {Black must now prevent Bb2.} Rc8 32. Re7 Rc6 $2 (32... Ba6 33. R1xe6 Rb7 34. Rxb7 Rc1+ 35. Kh2 Bxb7) 33. Re5 {White is clearly winning.} Ba6 34. Rxg5 {White wants to mate with Bh6+.} d4 35. Be5+ Kf8 36. Rxh7 {Rh8+ would kill now.} Rc1+ 37. Kh2 {Precision: White = 85%, Black = 46%.} 1-0

[Event "EICC 2017"]
[Site "Minsk"]
[Date "2017.06.07"]
[Round "8"]
[White "Blomqvist, Erik"]
[Black "Romanov, Evgeny"]
[Result "0-1"]
[WhiteElo "2546"]
[BlackElo "2636"]
[Annotator "TA"]
[PlyCount "76"]
[EventDate "2017.??.??"]
[EventCountry "BLR"]
[SourceTitle "playchess.com"]
[Source "ChessBase"]
[SourceQuality "1"]

{[%evp 13,76,5,14,11,10,0,6,9,6,6,14,4,4,6,10,3,5,6,13,0,0,0,4,0,0,-2,0,0,0,-8,0,-4,0,-42,-41,-35,-30,-43,-32,-37,-31,-12,-10,-24,-26,-46,-41,-34,0,-41,-28,-92,-91,-103,-59,-59,-65,-65,-39,-125,-108,-422,-422,-694,-682]} 1. Nf3 Nf6 2. g3 b6 3. Bg2 Bb7 4. c4 g6 5. b3 Bg7 6. Bb2 O-O 7. O-O e6 8. Nc3 {A15: English Opening: 1...Nf6} d5 9. cxd5 exd5 10. d4 {The position is equal.} Re8 11. Rc1 Ne4 $146 ({Predecessor:} 11... a6 12. Rc2 Nbd7 13. e3 c5 14. Ne2 Rc8 15. Nf4 c4 {1-0 (77) Meier,G (2654)-Shabalov,A (2522) Berlin 2015}) 12. Qc2 Nxc3 13. Bxc3 a5 14. Rfd1 Nd7 {[%cal Bb8d7,Bd7f6,Bf6e4,Be4d6,Bd6c4][%mdl 32]} 15. e3 Rc8 16. Ne1 c6 17. Nd3 Nf6 18. Qb1 Ne4 19. Be1 Ba6 20. a4 {[%cal Ba2a4,Ba4a5][%mdl 32]} h5 21. b4 axb4 22. Qxb4 Nd6 23. a5 Bxd3 $1 24. Rxd3 b5 $1 25. Ra3 Nc4 26. Ra2 Bf8 27. Qb3 Ra8 28. a6 Ra7 29. Bf1 Qd6 30. Rca1 f5 (30... h4 $5) 31. Qc2 Rea8 32. Bc3 (32. Qb1 $11) 32... Qe6 $17 33. Bd3 Kf7 34. Kg2 Qc8 {[%cal Ra7a6]} 35. h3 Kg8 36. g4 (36. Qb1 $15) 36... fxg4 {[%cal Bf5g4,Bg4h3][%mdl 32]} 37. Bxg6 $2 {[%mdl 8192] [#]} (37. Qe2 $17 {is more resistant.}) 37... gxh3+ $19 38. Kh1 (38. Kh2 $142 Bd6+ 39. f4 Nxe3 40. Qe2 Bxf4+ 41. Kh1) 38... Qg4 {Precision: White = 35%, Black = 83%.} 0-1